01476nam a2200349 a 4500001001000000003000500010005001700015008004100032010001100073011001100084040000900095090001000104100003900114245014200153260004100295500006000336502007700396590004000473590004000513590004000553650003500593650003600628650004400664650003000708856007000738901000700808942001000815942000600825999001900831952014000850952013600990000112381CHAP20220329144302.0160308s2016 mx a fsm |||||||spa d a108842 a109814 cCHAP aTesis1 aMartínez Mogica, Araceli913065110aEvaluación de nutrición edáfica en haba (Vicia faba L.) criolla michoacana amarilla /h[En línea]cpor Araceli Martínez Mogica. aChapingo, Méx. :bEl autor,c2016. aPara ver el contenido del material haga clic en la liga aTesis (Ing. Agr. Esp. en Fitotecnia) -- UACH. Departamento de Fitotecnia aE5995AHEb05c20160308lUCH01h1120 aE5995AHEb05c20160308lUCH01h1120 aE5995AHEb05c20160308lUCH01h121614aFertilización foliar.94044514aFertilizantes para haba.94062114aFertilizantesxEfecto en suelos.94055314aHabaxRendimiento.952122 aFinding aiduhttp://10.13.5.2/tesis/sist112381.pdfzTeclea aquí aBK cTESIS n0 c108842d108842 00102local4053708TESISaBCbBCcPA_TESISd2016-03-08fTESISl0oTesisp33724002519512r2019-12-31 00:00:00tc.2w2019-12-31yTESIS 00104054718TESISaBCbBCd2016-03-08fTESISl0oTesisp33724002519553r2019-12-31 00:00:00w2019-12-31yTESISzRecien adquirido